| 000 | 00767nam a2200217 a 4500 | ||
|---|---|---|---|
| 999 |
_c2073 _d2073 |
||
| 001 | 2073 | ||
| 003 | BD-JhCC | ||
| 005 | 20171029165230.0 | ||
| 008 | 171029s1964 bg |||| ||a| 000 0 ben d | ||
| 035 | _a(BD-JhCC)2073 | ||
| 040 |
_aBD-JhCC _dBD-JhCC |
||
| 041 | _aben | ||
| 082 |
_a891.4415 _bIBR 1964 |
||
| 100 | _aইব্রাহিম, নীলিমা | ||
| 245 |
_aঊনবিংশ শতাব্দীর বাঙ্গালী সমাজ ও বাংলা নাটক / _cনীলিমা ইব্রাহিম |
||
| 260 |
_aঢাকা : _bঢাকা বিশ্ববিদ্যালয় বাংলা বিভাগ, _c1964. |
||
| 300 |
_a307 p. : _c21 cm. |
||
| 650 | _aBengali Drama | ||
| 942 |
_2ddc _cBK |
||